| 000 | 01106cam a2200133 4500500 | ||
|---|---|---|---|
| 005 | 20260329023201.0 | ||
| 041 | _afre | ||
| 042 | _adc | ||
| 100 | 1 | 0 |
_aCalas, Frédéric _eauthor |
| 245 | 0 | 0 | _aLeçons de stylistique : Cours et exercices corrigés |
| 260 |
_bArmand Colin,
_c2021. |
||
| 520 | _aL’analyse stylistique est l’examen des procédés linguistiques mis en œuvre par un écrivain.Elle emprunte à la grammaire, à la linguistique, à la rhétorique, à la poétique et à la sémiotique leurs outils et leurs approches pour décrire l’utilisation qu’un auteur fait de tel ou tel élément langagier.L’ouvrage se divise en 5 chapitres de la méthodologie du commentaire à l’entraînement en passant par l’étude des grands genres. Les applications aux textes proposent un parcours à l’étudiant allant de l’analyse au plan détaillé.Corrigés, mises au point théorique, bibliographies sélectives et glossaire accompagnent le travail de l’étudiant. | ||
| 856 | 4 | 1 | _uhttps://shs.cairn.info/lecons-de-stylistique--9782200631741?lang=fr&redirect-ssocas=7080 |
| 999 |
_c1925318 _d1925318 |
||